00996nam a2200241Ia 4500003000900000005001700009008004100026040003500067041000800102084001000110100003600120245019100156260002900347300002700376336002900403337003300432338002800465502009900493650003500592650002700627700004500654856005500699gtgcusco20250508080956.0250314t2004||||xx |||||||||||||| ||spa|| agtcuscobspacgtcuscodgtcusco aspa aT2139 aMejía Champet, Claudia Susana 0aEvaluación de una muestra de 30 cirujanos dentistas sobre el cumplimiento de los requisitos que la ley exige para el ejercicio de la profesión. /cClaudia Susana Mejía Champet. --  aGuatemala :bUSAC,c2004 a102p. :bil. ;c28 cm. atextobtxt2rdacontenido aSin mediaciónbn2rdamedio avolumenbnc2rdasoporte aTesis (Cirujano Dentista) -- Universidad de San Carlos de Guatemala, Facultad de Odontología aLegislación en Odontología aPráctica Profesional aGonzález Moncada, Erwin Ramiroeasesor uhttp://www.repositorio.usac.edu.gt/id/eprint/16112